000
00332nam a2200145Ia 4500
003
OSt
005
20240326143914.0
008
170523s9999 xx 000 0 und d
020
_a
978-0072126488
040
_c
iimtu meerut
100
_a
AVCINIEGAL
245
0
_a
XML DEVELOPER GUIDE
260
_b
TATA MC GRAW HILL
942
_2
ddc
_c
02
999
_c
1971
_d
1971